<?xml version='1.0' encoding='UTF-8'?>
  <record xmlns="http://www.loc.gov/MARC21/slim">
    <leader>00000cam a2200000 i 4500</leader>
    <controlfield tag="001">ocn902400992</controlfield>
    <controlfield tag="003">OCoLC</controlfield>
    <controlfield tag="005">20250619215941.2</controlfield>
    <controlfield tag="008">150131s1933    xx            000 u fre d</controlfield>
    <datafield tag="040" ind1=" " ind2=" ">
      <subfield code="a">BEATB</subfield>
      <subfield code="b">dut</subfield>
      <subfield code="c">BEATB</subfield>
      <subfield code="d">NLGGC</subfield>
      <subfield code="d">OCLCO</subfield>
      <subfield code="d">OCLCF</subfield>
      <subfield code="d">OCLCQ</subfield>
      <subfield code="d">OCLCO</subfield>
      <subfield code="d">QGJ</subfield>
      <subfield code="d">OCLCO</subfield>
      <subfield code="d">OCL</subfield>
      <subfield code="d">OCLCQ</subfield>
      <subfield code="d">OCLCO</subfield>
      <subfield code="d">OCLCL</subfield>
      <subfield code="d">OCLCQ</subfield>
      <subfield code="d">OCLCL</subfield>
    </datafield>
    <datafield tag="029" ind1="1" ind2=" ">
      <subfield code="a">NLGGC</subfield>
      <subfield code="b">03993098X</subfield>
    </datafield>
    <datafield tag="035" ind1=" " ind2=" ">
      <subfield code="a">(OCoLC)902400992</subfield>
    </datafield>
    <datafield tag="050" ind1=" " ind2="4">
      <subfield code="a">P26</subfield>
      <subfield code="b">.M4</subfield>
    </datafield>
    <datafield tag="082" ind1="0" ind2="4">
      <subfield code="a">400</subfield>
      <subfield code="q">OCoLC</subfield>
      <subfield code="1">https://id.oclc.org/worldcat/ddc/E4bfHYJDp8Xd4Cqcg8mbVmCdw9</subfield>
    </datafield>
    <datafield tag="245" ind1="0" ind2="0">
      <subfield code="a">Mélanges de philologie offerts à Jean-Jacques Salverda de Grave à l'occasion de sa soixante-dixième année par ses amis et ses élèves.</subfield>
    </datafield>
    <datafield tag="260" ind1=" " ind2=" ">
      <subfield code="a">Groningue :</subfield>
      <subfield code="b">Wolters,</subfield>
      <subfield code="c">1933.</subfield>
    </datafield>
    <datafield tag="300" ind1=" " ind2=" ">
      <subfield code="a">XII, 424 p. ;</subfield>
      <subfield code="c">25 cm</subfield>
    </datafield>
    <datafield tag="336" ind1=" " ind2=" ">
      <subfield code="a">tekst</subfield>
      <subfield code="b">txt</subfield>
      <subfield code="2">rdacontent/dut</subfield>
    </datafield>
    <datafield tag="337" ind1=" " ind2=" ">
      <subfield code="a">zonder medium</subfield>
      <subfield code="b">n</subfield>
      <subfield code="2">rdamedia/dut</subfield>
    </datafield>
    <datafield tag="504" ind1=" " ind2=" ">
      <subfield code="a">"Bibliographie des travaux de M.J.-J. Salverda de Grave": p. 406-422.</subfield>
    </datafield>
    <datafield tag="546" ind1=" " ind2=" ">
      <subfield code="a">Bijdragen in het Frans, Engels, Nederlands, Italiaans, Duits of Spaans.</subfield>
    </datafield>
    <datafield tag="505" ind1="0" ind2=" ">
      <subfield code="a">Bureau du comité -- Membres du comité -- Liste des souscripteurs -- Le rebondissement de la langue française aux alentours de 1830 / Fernand Baldensperger -- Documenti sulla dimora di Clémebt Marot a Ferrara / Giulio Bertoni -- Sur quelques noms d'éléments syntaxiques / C. de Boer -- Pascal et son bibliographe passioné / Emile Boulan -- Réflexions sur un thème littéraire (la douleur) / S. Braak -- De verlaten à frelater -- Ferdinand Brunot -- Une biographie inédite de Hugo Grotius par Samuel Sorbière (avec facsimilé) / Gustave Cohen -- De rithmiese periode in het Nederlandse vers / J. van der Elst -- L'infinitif français avec á [sic] et ses rapports avec le gérondif latin / S. Eringa -- Le poème d'Engelbert sur la bataille de Fontenoy (841) / Edmond Faral -- Quelques considérations sur la voix dit "moyenne" / A.J. Fehr -- The accent in diphthongs created by the "breaking" of a simple stressed vowel / J.D.M. Ford -- Correspondance entre le marquis d'Argens et Prosper Marchand / J. Fransen -- Lettres inédites de Lamennais / K.R. Gallas -- Flamenco / G.J. Picaro -- Pichelingue -- Hollanda / A. Griera -- Commento a tre sonetti / Romano Guarnieri -- Note critique sur deux vers du Geta de Vital de Blois / Etienne Guilhou -- Le dictionnaire liégeois et les germanistes / Jean Haust -- P. de Wakker van Zon en Voltaire / D.C. Hesseling -- The application of X-rays to speech analysis (avec une planche) / Richard T. Holbrook -- Les femmes poètes dans la littérature provençale aux XIIe et XIIIe siècles / A. Jeanroy -- Animi relaxatio / A. Kluyver -- L'hellénisme de Paul-Louis Courier / C. Kramer -- Escalufré ou Estalufré / Arthur Långfors -- I versi barbari del re d'Olanda / Guido Mazzoni -- La historia troyana polimetrica / R. Menendez Pidal -- Over tautologieën in het Nederlandsch / J.W. Muller -- Conjecture sur les noms de lieu en acus / Ernest Muret -- El "Dialogo dos montes" de Rehuel Jessurun / J.A. van Praag -- Le flambeau de la langue française de monsieur Elie Beaupuy / K.J. Riemens.</subfield>
    </datafield>
    <datafield tag="505" ind1="0" ind2=" ">
      <subfield code="a">Sur deux leçons contextées du manuscrit d'Aucassin et Nicolette / Mario Roques -- Julein Sorel, une réincarnation du picaro / C. Serrurier -- Notes d'étymologie romane / P. Skok -- Les origines de la fable d'Enée / E. Slijper -- Les vers dans les Faits des romains / K. Sneijders de Vogel -- Zum warum der lautenwicklung / Leo Spitzer -- Quelques remarques sur le futur du verbe avoir en français / E. Staaff -- Notice sur une traduction anglaise inédite de la Fréquente communion / H.F. Stewart -- Le renouveau des études chateaubriandesques / Johannes Tielrooy -- Encore une fois senior / Karel Titz -- La théorie d'une double accentuation des diphtongues et l'ancien wallon / Marius Valkhoff -- Lettres inédites de Voltaire à Constant d'Hermenches / Valkhoff, P. -- De Rechtsterm "prerogatief" / C. van Vollenhoven -- De Franse woorden in de brieven van Wolff en Deken / C.G.N. de Vooys -- L'anc. franç. estovoir s'emploie-t-il quelquefois avec un sujet personnel? / E. Walberg -- Lettre à m. J.-J. Salverda de Grave / A. Wallensköld -- L'infinitif prépositionnel sans sujet / B.H.J. Weerenbeck -- Waleis (e)=Gallois dans Parzival / M. Wilmotte -- Bibliographie des travaux de m. J.-J. Salverda de Grave, dressée par L. Kukenheim Ezn (p. 406-422).</subfield>
    </datafield>
    <datafield tag="650" ind1=" " ind2="0">
      <subfield code="a">Language and languages.</subfield>
    </datafield>
    <datafield tag="650" ind1=" " ind2="0">
      <subfield code="a">Grammar, Comparative and general.</subfield>
    </datafield>
    <datafield tag="650" ind1=" " ind2="0">
      <subfield code="a">Philology.</subfield>
    </datafield>
    <datafield tag="650" ind1=" " ind2="0">
      <subfield code="a">Philology, Modern.</subfield>
    </datafield>
    <datafield tag="600" ind1="1" ind2="4">
      <subfield code="a">Salverda de Grave, Jean-Jacques.</subfield>
    </datafield>
    <datafield tag="650" ind1=" " ind2="4">
      <subfield code="a">Taalkunde.</subfield>
    </datafield>
    <datafield tag="650" ind1=" " ind2="4">
      <subfield code="a">Letterkunde.</subfield>
    </datafield>
    <datafield tag="650" ind1=" " ind2="6">
      <subfield code="a">Langage et langues.</subfield>
    </datafield>
    <datafield tag="650" ind1=" " ind2="6">
      <subfield code="a">Grammaire comparée et générale.</subfield>
    </datafield>
    <datafield tag="650" ind1=" " ind2="6">
      <subfield code="a">Philologie.</subfield>
    </datafield>
    <datafield tag="650" ind1=" " ind2="7">
      <subfield code="a">languages (study discipline)</subfield>
      <subfield code="2">aat</subfield>
    </datafield>
    <datafield tag="650" ind1=" " ind2="7">
      <subfield code="a">language (general communication)</subfield>
      <subfield code="2">aat</subfield>
    </datafield>
    <datafield tag="650" ind1=" " ind2="7">
      <subfield code="a">philology.</subfield>
      <subfield code="2">aat</subfield>
    </datafield>
    <datafield tag="650" ind1=" " ind2="7">
      <subfield code="a">Philology, Modern</subfield>
      <subfield code="2">fast</subfield>
    </datafield>
    <datafield tag="650" ind1=" " ind2="7">
      <subfield code="a">Grammar, Comparative and general</subfield>
      <subfield code="2">fast</subfield>
    </datafield>
    <datafield tag="650" ind1=" " ind2="7">
      <subfield code="a">Language and languages</subfield>
      <subfield code="2">fast</subfield>
    </datafield>
    <datafield tag="650" ind1=" " ind2="7">
      <subfield code="a">Philology</subfield>
      <subfield code="2">fast</subfield>
    </datafield>
    <datafield tag="700" ind1="1" ind2=" ">
      <subfield code="a">Salverda de Grave, Jean-Jacques,</subfield>
      <subfield code="d">1863-1946.</subfield>
      <subfield code="4">hnr</subfield>
    </datafield>
    <datafield tag="758" ind1=" " ind2=" ">
      <subfield code="a">Mélanges de philologie offerts a Jean-Jacques Salverda de Grave (Text)</subfield>
      <subfield code="1">https://id.oclc.org/worldcat/entity/E39PCG9jW3Vq7JF6hrXdrc83Hy</subfield>
      <subfield code="4">https://id.oclc.org/worldcat/ontology/hasWork</subfield>
    </datafield>
    <datafield tag="936" ind1=" " ind2=" ">
      <subfield code="a">BATCHLOAD</subfield>
    </datafield>
  </record>